A STUDY TO COMPARE CLONIDINE VERSUS DEXMEDETOMIDINE AS AN ADJUVANT TO 0.5% BUPIVACAINE FOR SPINAL ANAESTHESIA (Record no. 26568)

MARC details
000 -LEADER
fixed length control field 00404nam a22001457a 4500
003 - CONTROL NUMBER IDENTIFIER
control field SGT
082 ## - DEWEY DECIMAL CLASSIFICATION NUMBER
Classification number 617.96
Item number A21C
100 ## - MAIN ENTRY--PERSONAL NAME
Personal name CHOUDHARY, MONIKA DALAL
245 ## - TITLE STATEMENT
Title A STUDY TO COMPARE CLONIDINE VERSUS DEXMEDETOMIDINE AS AN ADJUVANT TO 0.5% BUPIVACAINE FOR SPINAL ANAESTHESIA
260 ## - PUBLICATION, DISTRIBUTION, ETC. (IMPRINT)
Place of publication, distribution, etc GURUGRAM
Name of publisher, distributor, etc SGT UNIVERSITY
Year of Publication 2021
300 ## - PAGE DESCRIPTION
No. of Pages 97
650 ## - SUBJECT ADDED ENTRY--TOPICAL TERM
Topical term or geographic name as entry element ANAESTHESIA
653 ## - KEYWORDS--INDEX TERM
Keyword term M.D
942 ## - ADDED ENTRY ELEMENTS (KOHA)
Source of classification or shelving scheme Dewey Decimal Classification
Koha item type Thesis/Dissertation
Holdings
Withdrawn status Lost status Source of classification or shelving scheme Damaged status Use restrictions Not for loan Collection code Home library Current library Shelving location Date acquired Total Checkouts Full call number Accession No. (Barcode) Date last seen Bill Date Koha item type
    Dewey Decimal Classification   Restricted Access Not For Loan MEDICAL SGT Medical Library SGT Medical Library Reference Book 25/06/2024   617.96 A21C DT1839 25/06/2024 25/06/2024 Thesis/Dissertation
    Dewey Decimal Classification   Restricted Access Not For Loan MEDICAL SGT Medical Library SGT Medical Library Reference Book 25/06/2024   617.96 A21C DT1840 25/06/2024 25/06/2024 Thesis/Dissertation